zpět

Detail výsledku týmu

D9vítka, Šumperk

Datum a čas kvízu

30 Celkem bodů Celkový počet nahraných bodů na tomto kvízu bez doplňovacích otázek.
2. Pořadí na kvízu Konečné umístění týmu na tomto kvízu.

Zaznamenané odpovědi

# Otázka Odpověď Body Výsledky
1. V pondělí ukončil své členství... Tomáš Macura 1
2. Ve středu zprostil soud bývalé... Silvio Berlusconi 0
3. Minulý týden měl premiéru v ki... D) různé formy polyamorie a otevřených vztahů 1
4. Minulý týden jsme se dozvěděli... Eiffel Optic 0
5. V noci z neděle na pondělí vyv... Kansas (Kansas City) 0
6. V tomto tématu se budeme věnov... lembas 0
7. Další bod získáte když správně... pizzou 1
8. Nyní nabízíme dvě poloviny bod... Hanebný pancharti, Hans Landa 0
9. Věříme, že animák Ratatouille... C 1
10. Vzpomenete si na název filmu,... Adéla ještě nevečeřela, talián 0